| 000 | 01007nam a22002537a 4500 | ||
|---|---|---|---|
| 005 | 20170124103107.0 | ||
| 010 | _aA-990726 | ||
| 020 |
_c200.00 _a8171242391 |
||
| 035 | _aA-990726 | ||
| 037 | _bCen Lib/Ret | ||
| 040 |
_aDPL _bHN |
||
| 082 |
_a230.3 _bलोढ़ाक |
||
| 100 |
_aलोढ़ा, कल्याणमल _978732 |
||
| 245 |
_aवाग्विभव / _cकल्याणमल लोढ़ा |
||
| 246 |
_aVagvibhav / _bby Kalyanmal Lodha |
||
| 260 |
_aवाराणसी _bविश्वविद्यालय प्रकाशन _c1999 |
||
| 270 |
_aचौक _bवाराणसी _e221 001 |
||
| 300 |
_a208पृ. _c20सेमी(सजिल्द) |
||
| 650 |
_aहिन्दू धर्म _91413 |
||
| 650 |
_aतत्व -- श्रद्धा एवं मोक्ष _978733 |
||
| 650 |
_aHindu religion _978734 |
||
| 650 |
_aElements - faith and salvation _978735 |
||
| 942 |
_2ddc _cHN _h230.3 _mलोढ़ाक |
||
| 999 |
_c118183 _d118183 |
||